| 000 | 01449cgm a22003377a 4500 | ||
|---|---|---|---|
| 007 | vd cgaizm | ||
| 008 | 140216t2013 xxk84 e |||| 0| vleng d | ||
| 020 | _a5014437162731 | ||
| 082 | 0 | 4 |
_222 _a791.4372 _bHAN |
| 245 | 0 | 0 |
_aHansel & Gretel witch hunters _h[videorecording] / _cParamount Pictures and Metro-Goldwyn-Mayer Pictures present ; a Gary Sanchez production ; produced by Will Ferrell ... [et al.] ; written and directed by Tommy Wirkola. |
| 246 | 3 | 0 | _aHansel and Gretel witch hunters |
| 260 |
_a[London] : _bParamount Home Entertainment, _cc.2013. |
||
| 300 |
_a1 videodisc (84 min.) : _bsd., col. ; _c4 3/4 in. |
||
| 508 | _aDirector of photography Michael Bonvillain ; editor Jim Page ; music Atli Orvarsson. | ||
| 511 | _aJeremy Renner, Gemma Arterton. | ||
| 521 | _aSuitable only for persons of 12 years and over. | ||
| 650 | 0 |
_935259 _aWitches _vDrama |
|
| 650 | 0 |
_935260 _aBounty hunters _vDrama |
|
| 653 |
_bGGEN _cFebruary2014 |
||
| 700 | 1 |
_935261 _aArterton, Gemma, _d1986- |
|
| 700 | 1 |
_935262 _aRenner, Jeremy, _d1971- |
|
| 700 | 0 |
_935263 _aAtli Örvarsson |
|
| 700 | 1 |
_935264 _aPage, James |
|
| 700 | 1 |
_935265 _aBonvillain, Michael |
|
| 700 | 1 |
_935266 _aWirkola, Tommy, _d1979- |
|
| 700 | 1 |
_935267 _aFerrell, Will, _d1967- |
|
| 710 | 2 |
_935268 _aGary Sanchez Productions (Firm) |
|
| 710 | 2 |
_925081 _aMetro-Goldwyn-Mayer |
|
| 710 | 2 |
_935269 _a Paramount Pictures Corporation (1914-1927) |
|
| 942 |
_2ddc _cDVD _k791.4372 HAN |
||
| 999 |
_c18070 _d18042 |
||